AGBU Armenia newsletter / (Record no. 316020)
[ view plain ]
| 000 -LEADER | |
|---|---|
| fixed length control field | 01033nas a2200313 a 4500 |
| 001 - CONTROL NUMBER | |
| control field | 000918426 |
| 003 - CONTROL NUMBER IDENTIFIER | |
| control field | AM-YeHGA |
| 005 - DATE AND TIME OF LATEST TRANSACTION | |
| control field | 20250617145643.0 |
| 008 - FIXED-LENGTH DATA ELEMENTS--GENERAL INFORMATION | |
| fixed length control field | 121009c20099999nyuur1p 0 0eng d |
| 040 ## - CATALOGING SOURCE | |
| Original cataloging agency | AM-YeHGA |
| 041 0# - LANGUAGE CODE | |
| Language code of text/sound track or separate title | eng |
| 090 ## - LOCALLY ASSIGNED LC-TYPE CALL NUMBER (OCLC); LOCAL CALL NUMBER (RLIN) | |
| -- | 317746 |
| 222 #0 - KEY TITLE | |
| Key title | AGBU Armenia newsletter |
| 245 00 - TITLE STATEMENT | |
| Title | AGBU Armenia newsletter / |
| Statement of responsibility, etc. | Armenian General Benevolent Union. |
| 260 ## - PUBLICATION, DISTRIBUTION, ETC. | |
| Place of publication, distribution, etc. | New York, NY, |
| -- | Yerevan : |
| Name of publisher, distributor, etc. | AGBU, |
| Date of publication, distribution, etc. | 2009-. |
| 270 ## - ADDRESS | |
| Address | 55 East 59th street |
| City | New York, NY |
| Telephone number | 212 319 6383 |
| Fax number | 212 319 6507 |
| Electronic mail address | agbuny@agbu.org |
| 270 ## - ADDRESS | |
| Address | 9 Alex Manoogian street |
| City | Yerevan, Armenia |
| Telephone number | (374 10) 51-22-51 |
| Fax number | (374 10) 51-22-52 |
| Electronic mail address | agbuarm@agbu.am |
| 300 ## - PHYSICAL DESCRIPTION | |
| Extent | v. : |
| Other physical details | photos ; |
| Dimensions | 30 cm. |
| 310 ## - CURRENT PUBLICATION FREQUENCY | |
| Current publication frequency | [Unknown] |
| 650 04 - SUBJECT ADDED ENTRY--TOPICAL TERM | |
| Topical term or geographic name entry element | Ամսագիր |
| 650 14 - SUBJECT ADDED ENTRY--TOPICAL TERM | |
| Topical term or geographic name entry element | News |
| Form subdivision | Periodicals |
| 650 14 - SUBJECT ADDED ENTRY--TOPICAL TERM | |
| Topical term or geographic name entry element | Eduaction |
| Form subdivision | Periodicals |
| 650 14 - SUBJECT ADDED ENTRY--TOPICAL TERM | |
| Topical term or geographic name entry element | Culture |
| Form subdivision | Periodicals |
| 650 14 - SUBJECT ADDED ENTRY--TOPICAL TERM | |
| Topical term or geographic name entry element | Humanitarian programs |
| Form subdivision | Periodicals |
| 650 14 - SUBJECT ADDED ENTRY--TOPICAL TERM | |
| Topical term or geographic name entry element | Newsletter |
| Form subdivision | Periodicals |
| 710 2# - ADDED ENTRY--CORPORATE NAME | |
| Corporate name or jurisdiction name as entry element | Armenian General Benevolent Union. |
| 856 ## - ELECTRONIC LOCATION AND ACCESS | |
| Host name | www.agbu.org |
| 942 ## - ADDED ENTRY ELEMENTS (KOHA) | |
| Source of classification or shelving scheme | Universal Decimal Classification |
| Koha item type | Շարունակական պաշար / Continuing Resource |
| Withdrawn status | Lost status | Damaged status | Not for loan | Collection | Home library | Current library | Date acquired | Cost, normal purchase price | Serial enumeration / chronology | Inventory number | Total checkouts | Full call number | Barcode | Date last seen | Price effective from | Koha item type | Public note |
|---|---|---|---|---|---|---|---|---|---|---|---|---|---|---|---|---|---|
| General | Fundamental Scientific Library | Fundamental Scientific Library | 09/01/2017 | 300.00 | 2014, No. 30 | ИЖ 3941 | ИЖ 3941 | 919376-300 | 09/01/2017 | 09/01/2017 | Շարունակական պաշար / Continuing Resource | Two weeks Loan | |||||
| General | Fundamental Scientific Library | Fundamental Scientific Library | 09/01/2017 | 300.00 | 2014, No. 31 | ИЖ 3941 | ИЖ 3941 | 919376-310 | 09/01/2017 | 09/01/2017 | Շարունակական պաշար / Continuing Resource | Two weeks Loan | |||||
| General | Fundamental Scientific Library | Fundamental Scientific Library | 09/01/2017 | 300.00 | 2014, No. 32 | ИЖ 3941 | ИЖ 3941 | 919376-320 | 09/01/2017 | 09/01/2017 | Շարունակական պաշար / Continuing Resource | Two weeks Loan |
ՀՀ Գիտությունների ազգային ակադեմիայի հիմնարար գիտական գրադարան = Fundamental Scientific Library of NAS RA
All site content, except where otherwise noted, is licensed under a